| 000 | 00789cam a2200277 4500 | ||
|---|---|---|---|
| 001 | J62039 | ||
| 008 | 000000n2000 000 0 eng u | ||
| 035 | _a(Sirsi) u107547 | ||
| 041 | _aeng | ||
| 050 | _a336.21 | ||
| 110 |
_aLawrence Tattersall _9186 |
||
| 245 | _aNon-domestic rating revaluation 2000: public houses: approved guide. | ||
| 260 |
_aSheffield _bLawrence Tattersall _c2000 |
||
| 300 | _a19p. ; 30cm. | ||
| 350 | _a0 | ||
| 650 | _aAPPROVED GUIDE | ||
| 650 | _aBREWERS AND LICENSED RETAILERS ASSOCIATION | ||
| 650 | _aNON-DOMESTIC RATING | ||
| 650 | _aPUBLIC HOUSES | ||
| 650 | _aRATING REVALUATION 2000 | ||
| 650 | _aPUBS | ||
| 650 | _aLICENSED PROPERTY | ||
| 650 |
_aValuation _96273 |
||
| 690 | _aPROPERTY-PROPERTY APPRAISAL AND VALUATION | ||
| 942 | _n0 | ||
| 999 |
_c100703 _d100703 |
||